000 00708nam a2200229Ia 4500
003 OSt
005 20251027144426.0
008 220923b |||||||| |||| 00| 0 eng d
020 _a9780857459787
037 _cGeneral Book
040 _aRTL
_cRTL
_beng
041 _2eng
_aeng
084 _aY:3(NW).5, Q4
_qRTL
100 _aOrr, John.
_969820
245 0 _aDemons of modernity: ingmar bergman and European cinema.
_b
260 _aNew York
_bBerghan pub.
_c2014
300 _a125 p.
_ccm.
500 _aBibliography: p 228-235
650 _aSociology
_9849569
942 _hY:3(NW).5, Q4
_cGB
_2CC
_n0
999 _c622040
_d622040